Early buddhist jurisprudence/ (Record no. 167189)

000 -LEADER
fixed length control field 00354nam a22001451a 4500
082 ## - DEWEY DECIMAL CLASSIFICATION NUMBER
Classification number 294.3822
Item number DUR/E
100 ## - MAIN ENTRY--PERSONAL NAME
Personal name Durga N Bhagvat
245 ## - TITLE STATEMENT
Title Early buddhist jurisprudence/
Statement of responsibility, etc. by Durga N Bhagvat.
260 ## - PUBLICATION, DISTRIBUTION, ETC.
Place of publication, distribution, etc. New Delhi:
Name of publisher, distributor, etc. Cosmo,
Date of publication, distribution, etc.
300 ## - PHYSICAL DESCRIPTION
Extent 204p.
650 ## - SUBJECT ADDED ENTRY--TOPICAL TERM
Topical term or geographic name entry element Vinaya Laws Buddhism
650 ## - SUBJECT ADDED ENTRY--TOPICAL TERM
Topical term or geographic name entry element Religion
650 ## - SUBJECT ADDED ENTRY--TOPICAL TERM
Topical term or geographic name entry element Buddhism
942 ## - ADDED ENTRY ELEMENTS (KOHA)
Koha item type Book
Holdings
Withdrawn status Lost status Damaged status Not for loan Permanent Location Current Location Shelving location Date acquired Cost, normal purchase price Total Checkouts Full call number Barcode Date last seen Price effective from Koha item type
        RC Thiruvananthapuram RC Thiruvananthapuram   14.11.2018 150.00   294.3822 DUR/E TV009964 14.11.2018 14.11.2018 Book